000 00247nam a2200097Ia 4500
001 1111775
005 20250827003917.0
008 250824s9999 xx 000 0 und d
245 0 _aSÖZDE KIZLAR
_cPEYAMİ SAFA
260 _bÖTÜKEN NEŞRİYAT A.Ş.
999 _c1111775
_d1111775